000
00222nam a2200097Ia 4500
008
170619s9999 xx 000 0 und d
100
_a
Wolf- Wayne
245
0
_a
Modern VLSI design
260
_b
Singapore; Pearson
260
_c
2004
546
_a
ENGLISH
999
_c
17456
_d
17456